000 00646nam a2200193Ia 4500
003 GCL
008 140319s9999 xx 000 0 ara d
040 _aGCL /
_cGCL
082 0 4 _a730.118
_bش ج
100 1 _aشاكر حسن ال سعيد
245 1 0 _aجواد سليم : الفنان والاخرون - دراسة نقدية تحليلية لفن جواد سليم /
_cشاكر حسن ال سعيد
300 _a247 ص
490 _aالهيئة العامة للاستعلامات
_v0
650 0 4 _aالعراق
650 0 4 _aالنحت
650 0 4 _aالفنون التشكيلية
650 0 4 _aجواد سليم
942 _2ddc
_cBK
999 _c48703
_d48703